[Event "Spandau Christmas op 6th"]
[Site "Spandau"]
[Date "2023.12.28"]
[Round "3"]
[White "Krefenstein, Sergej"]
[Black "Foerster, Jonas"]
[Result "1/2-1/2"]
[WhiteElo "2029"]
[BlackElo "2275"]
[PlyCount "62"]
[EventDate "2023.12.27"]
[EventType "swiss"]
[EventRounds "7"]
[EventCountry "GER"]
[SourceTitle "CB01_2024"]
[SourceDate "2024.01.03"]
[SourceVersion "1"]
[SourceVersionDate "2024.01.03"]
[SourceQuality "1"]

1. d4 Nf6 2. c4 e6 3. Nf3 b6 4. a3 Bb7 5. Nc3 d5 6. cxd5 exd5 7. Bf4 a6 8. e3 Bd6 9. Bg3 Bxg3 10. hxg3 Nbd7 11. Bd3 Qe7 12. Qc2 g6 13. Rc1 c5 14. dxc5 Nxc5 15. 0-0 0-0 16. b4 Ne6 17. Ne2 Rfc8 18. Qb2 Nd7 19. Ned4 Qf6 20. Rxc8+ Rxc8 21. Rc1 Rxc1+ 22. Qxc1 Nxd4 23. exd4 Qd6 24. Qe3 Nf6 25. Ne5 Kg7 26. Qf4 Qe6 27. Nf3 a5 28. bxa5 bxa5 29. Qc7 Qc6 30. Qxa5 Qc1+ 31. Qe1 Qxa3 1/2-1/2

[Event "Berlin Werner Ott op"]
[Site "Berlin"]
[Date "2022.07.10"]
[Round "2"]
[White "Jaeger, Andre"]
[Black "Krefenstein, Sergej"]
[Result "0-1"]
[WhiteElo "1870"]
[BlackElo "2090"]
[PlyCount "62"]
[EventDate "2022.07.09"]
[EventType "swiss"]
[EventRounds "9"]
[EventCountry "GER"]
[SourceTitle "CBM 209 Extra"]
[Source "ChessBase"]
[SourceDate "2022.09.30"]
[SourceVersion "1"]
[SourceVersionDate "2022.09.30"]
[SourceQuality "1"]

1. d4 f5 2. Bg5 g6 3. Nd2 Bg7 4. e3 Nf6 5. h4 h6 6. Bxf6 Bxf6 7. Nh3 0-0 8. Nf4 Kg7 9. h5 g5 10. Nd5 e6 11. Nxf6 Qxf6 12. c3 d6 13. Qc2 Nc6 14. 0-0-0 Bd7 15. f3 e5 16. Be2 Rae8 17. d5 Ne7 18. e4 fxe4 19. fxe4 Qf2 20. Nf3 Qxg2 21. Rhg1 Qf2 22. Qd3 Kh7 23. Rdf1 Qc5 24. Qd2 Rf4 25. Nxg5+ hxg5 26. Rxg5 Rxf1+ 27. Bxf1 Rg8 28. Rxg8 Nxg8 29. Qg5 Qf2 30. Qg6+ Kh8 31. Bg2 Qf6 0-1

[Event "Berlin Lichtenrade op 15th"]
[Site "Berlin"]
[Date "2019.10.15"]
[Round "4"]
[White "Krefenstein, Sergej"]
[Black "Bolk, Matthias"]
[Result "1/2-1/2"]
[WhiteElo "2139"]
[BlackElo "2087"]
[PlyCount "90"]
[EventDate "2019.10.12"]
[EventType "swiss"]
[EventRounds "9"]
[EventCountry "GER"]
[SourceTitle "CBM 195 Extra"]
[Source "ChessBase"]
[SourceDate "2020.05.31"]
[SourceVersion "1"]
[SourceVersionDate "2020.05.31"]
[SourceQuality "1"]

1. e4 g6 2. d4 Bg7 3. Nc3 d6 4. f4 Nc6 5. Be3 Nf6 6. Nf3 Bg4 7. d5 Nb8 8. h3 Bxf3 9. Qxf3 c6 10. Bd3 0-0 11. 0-0 cxd5 12. exd5 Nbd7 13. Rfe1 a6 14. Bf1 Rc8 15. Rad1 Re8 16. Rd2 Qa5 17. a3 Nb6 18. Qf2 Nbd7 19. Bd4 Nh5 20. g4 Bxd4 21. Qxd4 Nhf6 22. Rde2 Qb6 23. Qxb6 Nxb6 24. Rxe7 Rxe7 25. Rxe7 Nbxd5 26. Nxd5 Nxd5 27. Rxb7 Rxc2 28. f5 gxf5 29. gxf5 a5 30. b3 Rc7 31. Rxc7 Nxc7 32. Kf2 Kg7 33. Ke3 Kf6 34. Kd4 Kxf5 35. b4 axb4 36. axb4 Ke6 37. b5 Na8 38. Bc4+ Ke7 39. Bd3 h6 40. Kd5 Kd7 41. Ke4 Nb6 42. Kf5 Ke7 43. Kg4 Nd5 44. Kf5 Nb6 45. Kg4 Kf6 1/2-1/2

[Event "Berlin Lichtenberger op 18th"]
[Site "Berlin"]
[Date "2019.08.20"]
[Round "4"]
[White "Krefenstein, Sergej"]
[Black "Bergmann, Jens"]
[Result "1-0"]
[WhiteElo "2125"]
[BlackElo "1829"]
[PlyCount "36"]
[EventDate "2019.08.17"]
[EventType "swiss"]
[EventRounds "9"]
[EventCountry "GER"]
[SourceTitle "EXT 2020"]
[Source "ChessBase"]
[SourceDate "2019.10.17"]
[SourceVersion "1"]
[SourceVersionDate "2019.10.17"]
[SourceQuality "1"]

1. e4 d5 2. exd5 Qxd5 3. Nc3 Qa5 4. d4 c6 5. Nf3 Nf6 6. Bc4 b5 7. Bb3 b4 8. Ne2 Nbd7 9. 0-0 e6 10. Re1 Bd6 11. Nf4 0-0 12. Nxe6 fxe6 13. Rxe6 Nd5 14. Rxd6 Qc7 15. Rxd5 cxd5 16. Bxd5+ Kh8 17. Bxa8 Nf6 18. Ne5 Ne4 1-0

[Event "Berlin Werner Ott op"]
[Site "Berlin"]
[Date "2019.06.22"]
[Round "1"]
[White "Krefenstein, Sergej"]
[Black "Jeremic, Nemanja"]
[Result "1-0"]
[WhiteElo "2158"]
[BlackElo "1727"]
[PlyCount "60"]
[EventDate "2019.06.22"]
[EventType "swiss"]
[EventRounds "9"]
[EventCountry "GER"]
[SourceTitle "EXT 2022"]
[Source "ChessBase"]
[SourceDate "2021.10.06"]
[SourceVersion "1"]
[SourceVersionDate "2021.10.06"]
[SourceQuality "1"]

1. e4 e5 2. Nf3 Nf6 3. Nxe5 d6 4. Nf3 Nxe4 5. Nc3 Nxc3 6. dxc3 Bg4 7. Be3 Nd7 8. h3 Be6 9. Qd2 Be7 10. Nd4 0-0 11. 0-0-0 Nf6 12. Nxe6 fxe6 13. Bc4 Qd7 14. Qe2 Kh8 15. g4 e5 16. g5 Ng8 17. Bd3 Qa4 18. c4 Qc6 19. Qg4 Qf3 20. Be4 Qxg4 21. hxg4 g6 22. Bxg6 Kg7 23. Be4 Rf7 24. Rxh7+ Kf8 25. g6 Rg7 26. g5 c6 27. Rdh1 d5 28. cxd5 cxd5 29. Rxg7 Kxg7 30. Rh7+ Kf8 1-0

[Event "Berlin-ch MT"]
[Site "Berlin"]
[Date "2019.04.27"]
[Round "8"]
[White "Krefenstein, Sergej"]
[Black "Gebigke, Martin"]
[Result "1-0"]
[WhiteElo "2123"]
[BlackElo "2068"]
[PlyCount "121"]
[EventDate "2019.04.20"]
[EventType "swiss"]
[EventRounds "9"]
[EventCountry "GER"]
[SourceTitle "EXT 2020"]
[Source "ChessBase"]
[SourceDate "2019.10.17"]
[SourceVersion "1"]
[SourceVersionDate "2019.10.17"]
[SourceQuality "1"]

1. e4 c5 2. Nf3 d6 3. d4 cxd4 4. Nxd4 Nf6 5. Nc3 a6 6. f3 e5 7. Nb3 Be6 8. Be3 Nbd7 9. g4 Be7 10. Qd2 0-0 11. 0-0-0 Nb6 12. g5 Nh5 13. Rg1 Qc7 14. Kb1 d5 15. exd5 Nxd5 16. Nxd5 Bxd5 17. Qf2 Be6 18. Bd3 Rfe8 19. Bb6 Qc8 20. Qe3 Bf8 21. Nd2 Nf4 22. Ne4 Kh8 23. Nc3 Bb4 24. Qe4 Nxd3 25. Rxd3 Bc5 26. Bxc5 Qxc5 27. Rgd1 g6 28. Qh4 Rac8 29. R3d2 Bf5 30. Ne4 Bxe4 31. Qxe4 Rc7 32. Rd5 Qe7 33. h4 Kg7 34. Re1 Rc5 35. Rxc5 Qxc5 36. f4 b5 37. fxe5 Re6 38. Qf4 a5 39. Rf1 Qe7 40. Re1 Qc5 41. a3 b4 42. axb4 axb4 43. Rf1 Qe7 44. Qf6+ Kg8 45. Qxe7 Rxe7 46. Re1 b3 47. cxb3 Rb7 48. Re4 Rxb3 49. Kc2 Rh3 50. b4 Kf8 51. b5 Ke7 52. b6 Rh2+ 53. Kc3 Rh3+ 54. Kb4 Kd7 55. Rc4 Rh1 56. Kb5 Rb1+ 57. Ka6 Ra1+ 58. Kb7 Rd1 59. Kb8 Kd8 60. b7 Kd7 61. Ra4 1-0

[Event "Berlin-ch MT"]
[Site "Berlin"]
[Date "2019.04.21"]
[Round "2"]
[White "Lachmann, Utz"]
[Black "Krefenstein, Sergej"]
[Result "0-1"]
[WhiteElo "2188"]
[BlackElo "2123"]
[PlyCount "122"]
[EventDate "2019.04.20"]
[EventType "swiss"]
[EventRounds "9"]
[EventCountry "GER"]
[SourceTitle "EXT 2020"]
[Source "ChessBase"]
[SourceDate "2019.10.17"]
[SourceVersion "1"]
[SourceVersionDate "2019.10.17"]
[SourceQuality "1"]

1. e4 c6 2. d4 d5 3. e5 Bf5 4. Nc3 e6 5. g4 Bg6 6. Nge2 c5 7. Be3 Nc6 8. h4 h5 9. Nf4 Bxc2 10. Qxc2 cxd4 11. Bxd4 Nxd4 12. Qa4+ Nc6 13. Nxh5 g6 14. Ng3 Bc5 15. Bb5 Nge7 16. 0-0-0 Qc7 17. f4 Bf2 18. Rd3 0-0-0 19. Kb1 a6 20. Bxc6 Nxc6 21. Nce2 Kb8 22. h5 g5 23. fxg5 Nxe5 24. Rc3 Nc6 25. Rf1 Ba7 26. g6 fxg6 27. hxg6 Rhf8 28. Rff3 Rxf3 29. Rxf3 Qg7 30. Qf4+ Ne5 31. Ka1 Qc7 32. Rc3 Qd6 33. g7 Rg8 34. Nh5 d4 35. Rd3 Qc7 36. Rd1 d3 37. Nc3 Bc5 38. Ne4 Bd4 39. Rc1 Qe7 40. Nc3 Qb4 41. a3 Qd6 42. Rf1 Ka7 43. Qf8 Qc6 44. Qb4 Bc5 45. Qe4 Qc7 46. Ka2 Bxa3 47. Kxa3 Nc4+ 48. Kb4 a5+ 49. Ka4 Qc5 50. Nb5+ Ka6 51. Qxe6+ b6 52. Nc7+ Qxc7 53. Qd5 Nxb2+ 54. Ka3 Qc3+ 55. Qb3 Nc4+ 56. Ka2 Qxb3+ 57. Kxb3 Nd2+ 58. Kc3 Nxf1 59. Kxd3 Nh2 60. g5 Nf3 61. Ke4 Nxg5+ 0-1

[Event "Oberliga Nord O 1819"]
[Site "Germany"]
[Date "2019.01.20"]
[Round "5.2"]
[White "Dimitrijeski, Boris"]
[Black "Krefenstein, Sergej"]
[Result "1/2-1/2"]
[WhiteElo "2221"]
[BlackElo "2116"]
[PlyCount "104"]
[EventDate "2018.10.21"]
[EventType "team-tourn"]
[EventRounds "9"]
[EventCountry "GER"]
[SourceTitle "EXT 2020"]
[Source "ChessBase"]
[SourceDate "2019.10.17"]
[SourceVersion "1"]
[SourceVersionDate "2019.10.17"]
[SourceQuality "1"]
[WhiteTeam "Koenig Tegel II"]
[BlackTeam "Berlin Makkabi"]
[WhiteTeamCountry "GER"]
[BlackTeamCountry "GER"]

1. d4 Nf6 2. c4 e6 3. Nc3 Bb4 4. Qc2 d5 5. cxd5 Qxd5 6. e3 0-0 7. Bd2 Bxc3 8. Bxc3 Bd7 9. Ne2 Nc6 10. Nf4 Qd6 11. Be2 Nb4 12. Qb3 Nbd5 13. Nxd5 Nxd5 14. Bd2 Bc6 15. 0-0 f5 16. Qc4 a6 17. Qb3 Rf6 18. Rfc1 Rh6 19. g3 Rg6 20. Bh5 Rf6 21. Bf3 Raf8 22. Bg2 g5 23. a4 g4 24. Qa3 Qd7 25. Qc5 Bxa4 26. Bxd5 exd5 27. Qxc7 Qxc7 28. Rxc7 Bc6 29. Bb4 Re8 30. Kf1 Rf7 31. Rxf7 Kxf7 32. Ke1 Re6 33. Kd2 Rh6 34. Rh1 Ke8 35. Bc5 Kd7 36. Bf8 Rf6 37. Bg7 Rg6 38. Be5 Rh6 39. Bf4 Rh3 40. Kc3 Bb5 41. Kb4 b6 42. b3 Bc6 43. Be5 Kc8 44. f3 a5+ 45. Kc3 gxf3 46. Rf1 Rxh2 47. Rxf3 Rh5 48. Rf4 Bd7 49. Rh4 Rxh4 50. gxh4 b5 51. h5 b4+ 52. Kb2 Kb7 1/2-1/2

[Event "Berlin Lichtenrade op 14th"]
[Site "Berlin"]
[Date "2018.11.03"]
[Round "8"]
[White "Krefenstein, Sergej"]
[Black "Niehaus, Frank"]
[Result "1-0"]
[WhiteElo "2116"]
[BlackElo "2195"]
[PlyCount "107"]
[EventDate "2018.10.27"]
[EventType "swiss"]
[EventRounds "9"]
[EventCountry "GER"]
[SourceTitle "CBM 187 Extra"]
[Source "ChessBase"]
[SourceDate "2018.11.04"]
[SourceVersion "1"]
[SourceVersionDate "2018.11.04"]
[SourceQuality "1"]

1. d4 d5 2. Bf4 e6 3. e3 f5 4. Bd3 Nf6 5. Nf3 Be7 6. 0-0 0-0 7. h3 c6 8. c4 Ne4 9. Ne5 Nd7 10. Nd2 Ndf6 11. Ndf3 Qe8 12. Bh2 Kh8 13. c5 Rg8 14. Ne1 b6 15. b4 a5 16. cxb6 axb4 17. Qc2 Bb7 18. Be2 Rf8 19. N1d3 Ra3 20. Rfc1 Qa8 21. Qb2 Nc3 22. Nf4 Qa5 23. Nxe6 Rc8 24. Nf7+ Kg8 25. Nd6 Bxd6 26. Bxd6 Qxb6 27. Rxc3 Rxc3 28. Bxb4 Rc4 29. Bxc4 dxc4 30. Nc5 Rb8 31. a3 Ba6 32. Qc2 g6 33. Nxa6 Qxa6 34. Rc1 Nd5 35. Qxc4 Qxc4 36. Rxc4 Rc8 37. Kf1 Kf7 38. Ke2 Ke6 39. Bd2 Kd7 40. Ra4 Rc7 41. Kd3 Rb7 42. Bb4 Kc7 43. f3 Kd7 44. g3 Nf6 45. Ra8 Ke6 46. Rc8 Kd7 47. Rh8 Ke6 48. Rc8 Kd7 49. Rf8 Ke6 50. Rd8 Nd7 51. Rc8 Rb6 52. Rc7 Ra6 53. e4 fxe4+ 54. fxe4 1-0

[Event "Berlin Lichtenberger op 17th"]
[Site "Berlin"]
[Date "2018.08.21"]
[Round "4"]
[White "Krefenstein, Sergej"]
[Black "Hacker, Jonas"]
[Result "0-1"]
[WhiteElo "2120"]
[BlackElo "2316"]
[PlyCount "48"]
[EventDate "2018.08.18"]
[EventType "swiss"]
[EventRounds "9"]
[EventCountry "GER"]
[SourceTitle "CBM 186 Extra"]
[Source "ChessBase"]
[SourceDate "2018.08.24"]
[SourceVersion "1"]
[SourceVersionDate "2018.08.24"]
[SourceQuality "1"]

1. Nf3 d5 2. c4 d4 3. b4 g5 4. Bb2 Bg7 5. e3 e5 6. exd4 exd4 7. Bd3 g4 8. Qe2+ Kf8 9. Ne5 f6 10. Nxg4 h5 11. Ne3 dxe3 12. dxe3 Nc6 13. b5 Ne5 14. Bc2 f5 15. Nc3 Be6 16. Nd5 c6 17. bxc6 bxc6 18. Bxe5 Bxe5 19. Nf4 Qa5+ 20. Kf1 Bxf4 21. exf4 Qc3 22. Qxe6 Qxa1+ 23. Ke2 Qf6 24. Qd7 Qe7+ 0-1

[Event "Berlin Werner Ott op"]
[Site "Berlin"]
[Date "2018.07.04"]
[Round "5"]
[White "Jaeger, Andre"]
[Black "Krefenstein, Sergej"]
[Result "1/2-1/2"]
[WhiteElo "1922"]
[BlackElo "2119"]
[PlyCount "77"]
[EventDate "2018.06.30"]
[EventType "swiss"]
[EventRounds "9"]
[EventCountry "GER"]
[SourceTitle "CBM 185 Extra"]
[Source "ChessBase"]
[SourceDate "2018.07.29"]
[SourceVersion "1"]
[SourceVersionDate "2018.07.29"]
[SourceQuality "1"]

1. d4 Nf6 2. c4 g6 3. g3 Bg7 4. Bg2 d6 5. Nc3 0-0 6. Nf3 Nc6 7. 0-0 a6 8. d5 Na5 9. b3 c5 10. dxc6 Nxc6 11. Bb2 Bd7 12. Qd2 Qa5 13. Nd5 Qxd2 14. Nxd2 Nxd5 15. Bxg7 Kxg7 16. cxd5 Nd4 17. e3 Ne2+ 18. Kh1 Rac8 19. Rfe1 Rc2 20. Nc4 Nc3 21. Nb6 Bb5 22. a4 Bd3 23. Rec1 Ne4 24. Rxc2 Bxc2 25. Rc1 Bd3 26. f3 Nf6 27. Rc7 Re8 28. Kg1 e6 29. dxe6 Rxe6 30. Kf2 d5 31. Rxb7 Rc6 32. g4 Rc2+ 33. Kg3 Re2 34. Bf1 Rxe3 35. Bxd3 Rxd3 36. Nd7 Nxd7 37. Rxd7 Rxb3 38. Rxd5 Rb6 39. g5 1/2-1/2

[Event "Berlin Werner Ott op"]
[Site "Berlin"]
[Date "2018.07.01"]
[Round "2"]
[White "Krefenstein, Sergej"]
[Black "Hiller, Bernd"]
[Result "1-0"]
[WhiteElo "2119"]
[BlackElo "1847"]
[PlyCount "55"]
[EventDate "2018.06.30"]
[EventType "swiss"]
[EventRounds "9"]
[EventCountry "GER"]
[SourceTitle "CBM 185 Extra"]
[Source "ChessBase"]
[SourceDate "2018.07.29"]
[SourceVersion "1"]
[SourceVersionDate "2018.07.29"]
[SourceQuality "1"]

1. d4 d5 2. Nf3 Nc6 3. c4 e5 4. dxe5 d4 5. a3 Be6 6. e3 dxe3 7. Qxd8+ Rxd8 8. Bxe3 Nge7 9. Nc3 Ng6 10. Nb5 Rc8 11. Be2 a6 12. Nbd4 Ncxe5 13. Nxe6 fxe6 14. Ng5 Ke7 15. f4 Nf7 16. Nxe6 Nh6 17. Nxf8 Kxf8 18. f5 Ne5 19. 0-0 Nhf7 20. b4 Nd6 21. Rac1 Nd7 22. c5 Nb5 23. a4 Na7 24. Bf3 c6 25. Bd4 Nf6 26. Rcd1 Nd5 27. Bxd5 cxd5 28. f6 1-0

[Event "Berlin-ch MT"]
[Site "Berlin"]
[Date "2018.04.07"]
[Round "8"]
[White "Kunz, Andre"]
[Black "Krefenstein, Sergej"]
[Result "1-0"]
[WhiteElo "2154"]
[BlackElo "2144"]
[PlyCount "75"]
[EventDate "2018.03.31"]
[EventType "swiss"]
[EventRounds "9"]
[EventCountry "GER"]
[SourceTitle "EXT 2020"]
[Source "ChessBase"]
[SourceDate "2019.10.17"]
[SourceVersion "1"]
[SourceVersionDate "2019.10.17"]
[SourceQuality "1"]

1. e4 c5 2. d4 cxd4 3. c3 Nf6 4. e5 Nd5 5. Nf3 e6 6. cxd4 d6 7. Bc4 Nc6 8. 0-0 Nb6 9. Bd3 Nb4 10. Be2 Be7 11. Nc3 0-0 12. a3 Nc6 13. Bd3 dxe5 14. dxe5 Nd5 15. Qe2 b6 16. Ne4 Bb7 17. Neg5 g6 18. Qe4 Kg7 19. h4 Qd7 20. h5 Rg8 21. h6+ Kf8 22. Nxh7+ Ke8 23. Nhg5 Bf8 24. h7 Rh8 25. Nh4 Bg7 26. Nxg6 Nde7 27. Nxh8 Bxh8 28. Bf4 Nd4 29. Qe3 Nef5 30. Qh3 Rd8 31. Rad1 Ke7 32. Kh2 f6 33. Ne4 Qe8 34. exf6+ Bxf6 35. Nxf6 Kxf6 36. Rfe1 Qf8 37. Be5+ Ke7 38. h8Q 1-0

[Event "Berlin-ch MT"]
[Site "Berlin"]
[Date "2018.04.02"]
[Round "3"]
[White "Engers, Felix"]
[Black "Krefenstein, Sergej"]
[Result "1-0"]
[WhiteElo "2024"]
[BlackElo "2144"]
[PlyCount "81"]
[EventDate "2018.03.31"]
[EventType "swiss"]
[EventRounds "9"]
[EventCountry "GER"]
[SourceTitle "EXT 2020"]
[Source "ChessBase"]
[SourceDate "2019.10.17"]
[SourceVersion "1"]
[SourceVersionDate "2019.10.17"]
[SourceQuality "1"]

1. c4 e5 2. g3 c6 3. Nf3 e4 4. Nd4 d5 5. d3 Nf6 6. Bg2 Bb4+ 7. Nc3 dxc4 8. dxe4 c5 9. Ndb5 Qxd1+ 10. Kxd1 Na6 11. Nd6+ Ke7 12. e5 Bxc3 13. bxc3 Ng4 14. Kc2 Rb8 15. Bf4 Nc7 16. h3 Nh6 17. Bg5+ Ke6 18. h4 Kxe5 19. Bxh6 gxh6 20. Nxf7+ Kf6 21. Nxh8 Bf5+ 22. e4 Bd7 23. Kd2 Rxh8 24. Ke3 Ba4 25. f4 b5 26. e5+ Ke7 27. a3 Rg8 28. Rh3 Ke6 29. Be4 Rd8 30. Rh2 Nd5+ 31. Bxd5+ Rxd5 32. Rd2 a5 33. Rxd5 Kxd5 34. Ra2 Ke6 35. Rd2 b4 36. axb4 cxb4 37. Rd6+ Ke7 38. Kd4 Bb3 39. Ra6 Bd1 40. cxb4 axb4 41. Ra7+ 1-0

[Event "Berlin-ch MT"]
[Site "Berlin"]
[Date "2018.03.31"]
[Round "1"]
[White "Knopf, Roland"]
[Black "Krefenstein, Sergej"]
[Result "1/2-1/2"]
[WhiteElo "1877"]
[BlackElo "2144"]
[PlyCount "65"]
[EventDate "2018.03.31"]
[EventType "swiss"]
[EventRounds "9"]
[EventCountry "GER"]
[SourceTitle "EXT 2020"]
[Source "ChessBase"]
[SourceDate "2019.10.17"]
[SourceVersion "1"]
[SourceVersionDate "2019.10.17"]
[SourceQuality "1"]

1. d4 Nf6 2. Nf3 g6 3. Nc3 d5 4. e3 Bg7 5. Be2 0-0 6. 0-0 c6 7. b3 Nbd7 8. Bb2 Qc7 9. Na4 Ne4 10. c4 dxc4 11. bxc4 c5 12. Qc2 Nd6 13. Rac1 b6 14. Nc3 Bb7 15. d5 Rad8 16. Bd3 Rfe8 17. Ne4 e5 18. Nxd6 Qxd6 19. e4 Bc8 20. Rb1 Bh6 21. Bc1 Bxc1 22. Qxc1 Nf6 23. Re1 Nh5 24. Bf1 Nf4 25. g3 Nh3+ 26. Bxh3 Bxh3 27. Qh6 Bc8 28. Ng5 Qf6 29. Qxh7+ Kf8 30. Qh4 Kg7 31. Qh7+ Kf8 32. Qh4 Kg7 33. Qh7+ 1/2-1/2